| 000 | 00840nam a2200217Ia 4500 | ||
|---|---|---|---|
| 003 | GCL | ||
| 008 | 140319s9999 xx 000 0 ara d | ||
| 020 | _a7656901977 | ||
| 040 |
_aGCL / _cGCL |
||
| 082 | 0 | 4 |
_aق _b953.02 _bف ت |
| 100 | 1 | _aفاطمة مصطفى عامر | |
| 245 | 1 | 0 |
_aتاريخ اهل الذمة فى مصر الاسلامية من الفتح العربى الى نهاية العصر الفاطمى / _cفاطمة مصطفى عامر |
| 260 |
_aالقاهرة : _bالهيئة المصرية العامة للكتاب ، _c2000 |
||
| 300 |
_a418 ص ؛ _c22 سم |
||
| 490 |
_aتاريخ المصريين _v173 |
||
| 650 | 0 | 4 | _aالتاريخ الاسلامى |
| 650 | 0 | 4 | _aاهل الذمة |
| 650 | 0 | 4 | _aمصر - تاريخ - العصر الاسلامى |
| 650 | 0 | 4 | _aالاسلام - مصر |
| 942 |
_2ddc _cBK |
||
| 999 |
_c58278 _d58278 |
||